| 000 | 00586nam a22002057a 4500 | ||
|---|---|---|---|
| 999 |
_c6339 _d6339 |
||
| 003 | AR-CdUCM | ||
| 008 | 190314b ||||| |||| 00| 0 spa d | ||
| 040 |
_aMUNICIPALIDAD PROVINCIAL DEL CUSCO _cBIBLIOTECA MUNICIPAL DEL CUSCO |
||
| 082 |
_a801.00 / _bB79 |
||
| 100 |
_aBoza, Adriel _95623 |
||
| 245 |
_aK´uychi : _bPoemas de la Pachamama : |
||
| 260 | _aPerú : | ||
| 300 |
_a30 páginas : _c20 cm. |
||
| 505 | _aContenido: Poemas peruanos. | ||
| 650 |
_aPoemas peruanos _91040 |
||
| 650 |
_aLatinoamerica _94398 |
||
| 650 |
_aPoesía _9139 |
||
| 942 |
_2ddc _cLIBROS |
||
| 945 | _adavv | ||